000 00954nam a2200277 i 4500
003 DO-SdBNP
005 20260629133323.0
007 ta
008 260629b1997 dr ab||| |||| 00| 0 spa d
020 _a0964378647
040 _aDO-SdBNP
_bspa
_cBNPHU
_erda
041 _aspa
082 4 _axxx
_bxxx
_222
245 _aEvaluación ecológica integral del Parque Nacional del Este, República Dominicana /
_ceditores, Domingo Abreu, Kelvin A. Guerrero
264 _aSanto Domingo :
_bThe Nature Conservancy,
300 _avolúmenes :
_bilustraciones, retratos ;
_c28 cm.
336 _atexto
_btxt
_2rdacontent
337 _asin mediación
_bn
_2rdamedia
338 _avolumen
_bnc
_2rdacarrier
505 _av.1--
_tRecursos terrestres --
_gv.2--
_trecursos marinos.
590 _aInventariado, 2026/BT
700 1 _aAbreu, Domingo,
_eeditor
_4ed.
_973888
700 1 _aGuerrero, Kelvin A.,
_eeditor
_4ed.
_918947
910 _aBtavárez
942 _2ddc
_cLBS1
999 _c60967
_d60967